US States With Six Letters - Statistics

General Stats
  • This quiz has been taken 646 times
  • The average score is 4 of 5
Answer Stats
State % Correct
Oregon
80%
Kansas
74%
Nevada
69%
Hawaiʻi
67%
Alaska
66%
No matching quizzes found
Score Distribution
Percent of People with Each Score
Percentile by Number Answered
Your Score History
You have not taken this quiz